Top 50 Albums from 1967 - Statistics

General Stats
  • This quiz has been taken 20 times
  • The average score is 13 of 50
Answer Stats
Artist Album % Correct
#4: The Jimi Hendrix Experience Are You Experienced
89%
#2: The Doors The Doors
89%
#8: The Beatles Magical Mystery Tour
78%
#3: The Beatles Sgt. Pepper's Lonely Hearts Club Band
78%
#9: The Doors Strange Days
78%
#7: Pink Floyd The Piper at the Gates of Dawn
78%
#14: Jefferson Airplane Surrealistic Pillow
72%
#17: Cream Disraeli Gears
67%
#10: The Jimi Hendrix Experience Axis: Bold as Love
61%
#6: Love Forever Changes
61%
#1: The Velvet Underground The Velvet Underground & Nico
61%
#11: Captain Beefheart and His Magic Band Safe as Milk
50%
#32: The Who The Who Sell Out
50%
#23: The Moody Blues with the London Festival Orchestra Days of Future Passed
39%
#15: Aretha Franklin I Never Loved a Man the Way I Love You
33%
#19: Bob Dylan John Wesley Harding
33%
#5: Leonard Cohen Songs of Leonard Cohen
33%
#24: The Byrds Younger Than Yesterday
33%
#33: Buffalo Springfield Buffalo Springfield Again
28%
#39: The Left Banke Walk Away Renée / Pretty Ballerina
28%
#35: The Mothers of Invention Absolutely Free
22%
#42: Nico Chelsea Girl
22%
#12: The Kinks Something Else by the Kinks
22%
#30: Tim Buckley Goodbye and Hello
17%
#37: The 13th Floor Elevators Easter Everywhere
11%
#44: Kaleidoscope Tangerine Dream
11%
#47: John Coltrane Kulu Sé Mama
6%
#27: Nina Simone Nina Simone Sings the Blues
6%
#38: Philip Cohran and the Artistic Heritage Ensemble On the Beach
6%
#50: Quarteto Nôvo Quarteto Nôvo
6%
#26: Thelonious Monk Straight, No Chaser
6%
#25: James Carr You Got My Mind Messed Up
6%
#34: Wayne Shorter Adam's Apple
0%
#41: Albert King Born Under a Bad Sign
0%
#45: Andrew Hill Compulsion
0%
#43: Sam Rivers Contours
0%
#28: New Philharmonia Orchestra / Philharmonia Orchestra / Otto Klemperer / Christa Ludwig / Fritz Wunderlich Das Lied von der Erde
0%
#16: Duke Ellington Duke Ellington's Far East Suite
0%
#49: The Don Ellis Orchestra Electric Bath
0%
#20: Ewa Demarczyk Ewa Demarczyk Śpiewa Piosenki Zygmunta Koniecznego
0%
#46: Carlos Paredes Guitarra Portuguesa
0%
#29: Berliner Philharmoniker / Claudio Abbado / Martha Argerich Klavierkonzert Nr. 3 C-dur / Klavierkonzert G-dur
0%
#18: Miles Davis Quintet Miles Smiles
0%
#22: BBC Symphony Orchestra / Colin Davis / John Alldis Choir / Helen Donath / Yvonne Minton / Ryland Davies / Gerd Nienstedt Requiem
0%
#36: Chico Hamilton Introducing Larry Coryell The Dealer
0%
#13: Artur Rubinstein The Nocturnes
0%
#21: McCoy Tyner The Real McCoy
0%
#40: John Fahey Volume 5: The Transfiguration of Blind Joe Death
0%
#31: John Fahey Volume 6: Days Have Gone By
0%
#48: Antônio Carlos Jobim Wave
0%
No matching quizzes found
Score Distribution
Percent of People with Each Score
Percentile by Number Answered
Your Score History
You have not taken this quiz